[Event "SWE-chT2 0910"]
[Site "Sweden"]
[Date "2010.01.16"]
[Round "4"]
[White "Andersson, Goran"]
[Black "Angskog, Kent"]
[Result "1/2-1/2"]
[WhiteElo "2199"]
[BlackElo "2234"]
[PlyCount "66"]
[EventDate "2009.10.24"]
[EventType "team"]
[EventRounds "9"]
[EventCountry "SWE"]
[SourceTitle "EXT 2011"]
[Source "ChessBase"]
[SourceDate "2010.11.26"]
[SourceVersion "1"]
[SourceVersionDate "2010.11.26"]
[SourceQuality "1"]
[WhiteTeam "Manhem II"]
[BlackTeam "Horndal"]
[WhiteTeamCountry "SWE"]
[BlackTeamCountry "SWE"]

1. e4 g6 2. d4 Bg7 3. Nf3 d6 4. Bc4 Nf6 5. Qe2 0-0 6. 0-0 c6 7. Bb3 a5 8. a4 b6 9. Nbd2 Ba6 10. Bc4 Bxc4 11. Qxc4 d5 12. Qe2 e6 13. Re1 c5 14. e5 Nfd7 15. Nb3 Nc6 16. Bg5 Qc7 17. c3 h6 18. Bf4 c4 19. Nbd2 Rab8 20. Qe3 Kh7 21. h4 Ne7 22. g4 b5 23. Kg2 Rh8 24. Rh1 Kg8 25. h5 Qd8 26. hxg6 Nxg6 27. Bxh6 Qf8 28. Bxg7 Qxg7 29. Rxh8+ Nxh8 30. Qg5 bxa4 31. Rxa4 Qxg5 32. Nxg5 Rxb2 33. Ngf3 Rb5 1/2-1/2

[Event "SWE-chT2 0910"]
[Site "Sweden"]
[Date "2009.10.24"]
[Round "1"]
[White "Andersson, Goran"]
[Black "Unmack, Christian"]
[Result "0-1"]
[WhiteElo "2199"]
[BlackElo "2196"]
[PlyCount "92"]
[EventDate "2009.10.24"]
[EventType "team"]
[EventRounds "9"]
[EventCountry "SWE"]
[SourceTitle "EXT 2011"]
[Source "ChessBase"]
[SourceDate "2010.11.26"]
[SourceVersion "1"]
[SourceVersionDate "2010.11.26"]
[SourceQuality "1"]
[WhiteTeam "Manhem II"]
[BlackTeam "En Passant"]
[WhiteTeamCountry "SWE"]
[BlackTeamCountry "SWE"]

1. e4 e5 2. Nf3 Nc6 3. Bb5 Nf6 4. 0-0 Nxe4 5. d4 a6 6. Ba4 exd4 7. Re1 d5 8. Nxd4 Bd6 9. Nxc6 Bxh2+ 10. Kh1 Qh4 11. Bg5 Qxg5 12. Qxd5 Qxd5 13. Nb4+ Kd8 14. Nxd5 Nc5 15. Kxh2 Nxa4 16. b3 Nb6 17. Nbc3 Nxd5 18. Nxd5 a5 19. Rad1 Bd7 20. c4 Ra6 21. Re4 Be6 22. Nb6+ Ke8 23. Red4 Ke7 24. Nd5+ Bxd5 25. Rxd5 Rc8 26. Re1+ Kf6 27. Ree5 a4 28. b4 a3 29. c5 g6 30. Re3 Ra4 31. Rd4 g5 32. Kg3 h5 33. f4 Rg8 34. Kf2 Rg6 35. Rf3 g4 36. Rb3 Ke7 37. f5 Rg5 38. Re3+ Kf6 39. Rd7 Rxb4 40. Rxc7 Rb2+ 41. Kg3 Rxf5 42. Ree7 Kg5 43. Rxb7 h4+ 44. Kh2 g3+ 45. Kh3 Rxb7 46. Rxb7 Rf1 0-1

[Event "SWE-chT 0809"]
[Site "Sweden"]
[Date "2009.03.15"]
[Round "11"]
[White "Andersson, Goran"]
[Black "Schneider, Stefan"]
[Result "1/2-1/2"]
[WhiteElo "2304"]
[BlackElo "2451"]
[PlyCount "109"]
[EventDate "2008.10.25"]
[EventType "team-tourn"]
[EventRounds "11"]
[EventCountry "SWE"]
[SourceTitle "EXT 2011"]
[Source "ChessBase"]
[SourceDate "2010.11.26"]
[SourceVersion "1"]
[SourceVersionDate "2010.11.26"]
[SourceQuality "1"]

1. e4 e6 2. d4 d5 3. Nc3 Bb4 4. e5 Qd7 5. Qg4 f5 6. Qg3 b6 7. a3 Bxc3+ 8. bxc3 Ba6 9. Bxa6 Nxa6 10. a4 Nb8 11. a5 Nc6 12. axb6 cxb6 13. Ne2 Qf7 14. h4 Na5 15. Nf4 Ne7 16. h5 h6 17. Ba3 Nec6 18. Ng6 Rg8 19. Qf4 Nc4 20. Bd6 a5 21. Rh3 0-0-0 22. g4 Rge8 23. Ba3 Nxa3 24. Rxa3 Ne7 25. Rb3 Kb7 26. Nxe7 Qxe7 27. gxf5 Rf8 28. f6 gxf6 29. Qxh6 fxe5 30. dxe5 Qc5 31. Qe3 Qxe3+ 32. fxe3 Rf5 33. Kd2 Rxe5 34. Rb1 Rh8 35. h6 Rg5 36. Rf1 Rg6 37. Rf7+ Kc6 38. h7 Kb5 39. Rc7 Rg1 40. Rh6 e5 41. Rd6 Rh1 42. Rxd5+ Ka4 43. c4 R8xh7 44. Rxh7 Rxh7 45. Kc3 Ka3 46. Rxe5 a4 47. Rb5 Rh6 48. e4 Ka2 49. e5 a3 50. Kd4 Ka1 51. Kd5 a2 52. Rb3 b5 53. Ra3 bxc4 54. Kxc4 Rc6+ 55. Kd5 1/2-1/2

[Event "SWE-chT 0708"]
[Site "Sweden"]
[Date "2008.03.09"]
[Round "11"]
[White "Andersson, Goran"]
[Black "Bergstrom, Magnus"]
[Result "1-0"]
[WhiteElo "2198"]
[BlackElo "2206"]
[PlyCount "79"]
[EventDate "2007.10.19"]
[EventType "team"]
[EventRounds "11"]
[EventCountry "SWE"]
[SourceTitle "EXT 2009"]
[Source "ChessBase"]
[SourceDate "2008.11.26"]
[SourceVersion "1"]
[SourceVersionDate "2008.11.26"]
[SourceQuality "1"]
[WhiteTeam "Skara"]
[BlackTeam "Solna"]
[WhiteTeamCountry "SWE"]
[BlackTeamCountry "SWE"]

1. e4 c5 2. Nf3 Nc6 3. d4 cxd4 4. Nxd4 e6 5. Nc3 a6 6. Nxc6 bxc6 7. Bd3 d5 8. 0-0 h5 9. Qe2 Nf6 10. Bg5 Be7 11. Rae1 Nxe4 12. Bxe7 Nxc3 13. Qe5 Qxe7 14. Qxg7 Qf8 15. Qxc3 Bd7 16. f4 Rg8 17. Re2 f5 18. Qa5 Kf7 19. c4 Qg7 20. Qc5 Qf8 21. Qe3 a5 22. Rfe1 Rg7 23. cxd5 cxd5 24. Qb6 Kg8 25. Rxe6 Bxe6 26. Qxe6+ Rf7 27. Bxf5 Qc5+ 28. Kh1 Raa7 29. Qg6+ Kf8 30. Qxh5 Qd4 31. Qh6+ Qg7 32. Qd6+ Rfe7 33. Qd8+ Kf7 34. Qxd5+ Kf8 35. Be6 Qf6 36. Qd8+ Kg7 37. Qg8+ Kh6 38. Re3 Rg7 39. Rh3+ Kg6 40. Rg3+ 1-0

[Event "SWE-chT2 0708"]
[Site "Sweden"]
[Date "2008.03.09"]
[Round "9"]
[White "Andersson, Goran"]
[Black "Lindgren, Fredrik"]
[Result "1/2-1/2"]
[WhiteElo "2190"]
[BlackElo "2282"]
[PlyCount "36"]
[EventDate "2007.10.20"]
[EventType "team"]
[EventRounds "9"]
[EventCountry "SWE"]
[SourceTitle "EXT 2009"]
[Source "ChessBase"]
[SourceDate "2008.11.26"]
[SourceVersion "1"]
[SourceVersionDate "2008.11.26"]
[SourceQuality "1"]
[WhiteTeam "Manhem II"]
[BlackTeam "Umea Rockaden"]
[WhiteTeamCountry "SWE"]
[BlackTeamCountry "SWE"]

1. e4 c5 2. Nf3 Nc6 3. d4 cxd4 4. Nxd4 Nf6 5. Nc3 e6 6. g3 Bb4 7. Bg2 d5 8. exd5 Nxd5 9. 0-0 0-0 10. Nxd5 exd5 11. c3 Ba5 12. Nb3 Be6 13. Nxa5 Qxa5 14. Bf4 Rfd8 15. Re1 d4 16. cxd4 Rxd4 17. Qe2 h6 18. a3 Rad8 1/2-1/2